| 000 | 00501nam a2200181 a 4500 | ||
|---|---|---|---|
| 005 | 20140310183211.0 | ||
| 008 | 011227s19uu xx 00 eng d | ||
| 020 | _a9780844257822 | ||
| 050 |
_aTR 146 _b .B947 1997 |
||
| 100 | _aBurchfield, Jerry | ||
| 245 |
_aPhotography in focus / _cJerry Burchfield. |
||
| 260 |
_aUnited States : _bNTC Publishing Group, _c1997. |
||
| 300 |
_a516 p. : _bcol. ill. ; _c24 cm. |
||
| 521 | _aMC | ||
| 650 | _aPhotography | ||
| 942 |
_cBK _2lcc _kFOR |
||
| 999 |
_c20141 _d20141 |
||